书目信息 |
| 题名: |
日语专业八级统考辅导丛书
|
|
| 作者: | 刘志强 , 蔡艳辉 主编 | |
| 分册: | 能力篇 | |
| 出版信息: | 南京 东南大学出版社 2008.10 |
|
| 页数: | 235页 | |
| 开本: | 26cm | |
| 丛书名: | ||
| 单 册: | ||
| 中图分类: | H360.42 | |
| 科图分类: | ||
| 主题词: | 日语--ri yu--高等学校--教学参考资料 | |
| 电子资源: | ||
| ISBN: | 978-7-5641-1413-8 | |
| 000 | 00903nam0 2200241 450 | |
| 001 | 012009915594 | |
| 005 | 20090624115705.54 | |
| 010 | @a978-7-5641-1413-8@dCNY24.00 | |
| 100 | @a20090624d2008 em y0chi0120 ea | |
| 101 | 0 | @achi@ajpn |
| 102 | @aCN@b320000 | |
| 105 | @ay z 000yy | |
| 106 | @ar | |
| 200 | 1 | @a日语专业八级统考辅导丛书@Ari yu zhuan ye ba ji tong kao fu dao cong shu@i能力篇@f刘志强, 蔡艳辉主编@Fliu zhi qiang,cai yan hui zhu bian |
| 210 | @a南京@c东南大学出版社@d2008.10 | |
| 215 | @a235页@d26cm | |
| 330 | @a本书主要包括大纲中的听力理解、阅读理解、翻译、写作等相关内容的解读,另附最新的典型真题分析、解题技巧介绍、专项模拟训练和历年真题及答案等。 | |
| 606 | 0 | @a日语@Ari yu@x高等学校@j教学参考资料 |
| 690 | @aH360.42@v4 | |
| 701 | 0 | @a刘志强@Aliu zhi qiang@4主编 |
| 701 | 0 | @a蔡艳辉@Acai yan hui@4主编 |
| 801 | 0 | @aCN@bQSSK@c20090624 |
| 905 | @b749290-92@dH360.42@eL735@f3 | |
| 日语专业八级统考辅导丛书.能力篇/刘志强, 蔡艳辉主编.-南京:东南大学出版社,2008.10 |
| 235页;26cm |
| ISBN 978-7-5641-1413-8:CNY24.00 |
| 本书主要包括大纲中的听力理解、阅读理解、翻译、写作等相关内容的解读,另附最新的典型真题分析、解题技巧介绍、专项模拟训练和历年真题及答案等。 |
| ● |
| 相关链接 |
|
|
|
正题名:日语专业八级统考辅导丛书
索取号:H360.42/L735
 
预约/预借
| 序号 | 登录号 | 条形码 | 馆藏地/架位号 | 状态 | 备注 |
| 1 | 749290 | 207492907 | 语言库209/209语言库 126排2列2层/ [索取号:H360.42/L735] | 在馆 | |
| 2 | 749291 | 207492916 | 语言库209/209语言库 126排2列2层/ [索取号:H360.42/L735] | 在馆 | |
| 3 | 749292 | 207492925 | 语言库209/209语言库 126排2列2层/ [索取号:H360.42/L735] | 在馆 |